| 000 | 00806 a2200253 4500 | ||
|---|---|---|---|
| 003 | OSt | ||
| 005 | 20180116192335.0 | ||
| 008 | 120301t xxu||||| |||| 00| 0 eng d | ||
| 010 | _a 2002416798 | ||
| 020 | _a1856692191 | ||
| 035 | _a(UkLWHE)b000160033 | ||
| 040 | _c0 | ||
| 082 | 0 | 0 | _a728.0904 |
| 100 | 1 |
_aWeston, Richard, _9461 |
|
| 245 | 1 | 4 |
_aThe house in the twentieth-century / _cRichard Weston. |
| 260 |
_aLondon : _bLaurence King, _c2002. |
||
| 300 |
_a272 p. : _bill. (chiefly col.) ; _c29 cm. |
||
| 500 | _aIncludes index | ||
| 650 | 0 |
_aArchitecture, Domestic. _9462 |
|
| 650 | 0 |
_aArchitecture, Modern _y20th century. _9463 |
|
| 650 | 0 |
_aDwellings _xHistory _y20th century. _9464 |
|
| 942 |
_aSADA _cBK _k728.0904 WES 2002 _2ddc |
||
| 999 |
_c352435 _d352435 |
||